[Event "Bamberg op 1st"]
[Site "Bamberg"]
[Date "2018.05.10"]
[Round "2"]
[White "Maier, Alexander"]
[Black "Voelz, Stephan"]
[Result "1-0"]
[WhiteElo "2267"]
[BlackElo "1917"]
[PlyCount "37"]
[EventDate "2018.05.09"]
[EventType "swiss"]
[EventRounds "7"]
[EventCountry "GER"]
[SourceTitle "CBM 184 Extra"]
[Source "ChessBase"]
[SourceDate "2018.06.28"]
[SourceVersion "1"]
[SourceVersionDate "2018.06.28"]
[SourceQuality "1"]

1. e4 c5 2. d4 cxd4 3. c3 Nf6 4. e5 Nd5 5. Nf3 d6 6. cxd4 Nc6 7. Bc4 Nb6 8. Bb5 a6 9. Bxc6+ bxc6 10. Qc2 Bb7 11. e6 f6 12. Nc3 Qc7 13. a4 Rc8 14. Qd3 Nd5 15. Nxd5 cxd5 16. 0-0 Qc2 17. Qa3 Rc4 18. Bd2 Bc8 19. b3 1-0

[Event "Hradec Kralove op"]
[Site "Hradec Kralove"]
[Date "2014.10.20"]
[Round "3"]
[White "Voelz, Stephan"]
[Black "Vorobyov, Yurij"]
[Result "0-1"]
[WhiteElo "1954"]
[BlackElo "2186"]
[PlyCount "94"]
[EventDate "2014.10.18"]
[EventType "swiss"]
[EventRounds "9"]
[EventCountry "CZE"]
[SourceTitle "EXT 2015"]
[Source "ChessBase"]
[SourceDate "2014.11.20"]
[SourceVersion "1"]
[SourceVersionDate "2014.11.20"]
[SourceQuality "1"]

1. d4 d5 2. Nf3 Bf5 3. Bf4 e6 4. e3 Bd6 5. Bg3 c5 6. c3 Bxg3 7. hxg3 Qb6 8. Qc1 h6 9. Nbd2 Nd7 10. Be2 Ngf6 11. 0-0 0-0 12. Re1 Rac8 13. Bd1 Rfe8 14. Bc2 Bxc2 15. Qxc2 e5 16. dxe5 Nxe5 17. Nxe5 Rxe5 18. Rad1 Qe6 19. Nf3 Re4 20. Nd2 Rg4 21. Nf1 b5 22. a3 a5 23. Qe2 Rb8 24. f3 Rg5 25. Qf2 b4 26. axb4 axb4 27. Ra1 Qb6 28. g4 g6 29. Nh2 Re5 30. Qh4 Kg7 31. f4 Re4 32. Nf3 Rbe8 33. Ne5 c4 34. Qg3 R8xe5 35. fxe5 Nxg4 36. Rad1 bxc3 37. bxc3 Nxe3 38. Qf2 Rxe5 39. Rb1 Qe6 40. Re2 Nf5 41. Rxe5 Qxe5 42. Qd2 d4 43. cxd4 Nxd4 44. Re1 c3 45. Qf2 Qc5 46. Kh1 c2 47. Rf1 Qh5+ 0-1

[Event "Hradec Kralove op"]
[Site "Hradec Kralove"]
[Date "2014.10.19"]
[Round "2"]
[White "Bartos, Jan"]
[Black "Voelz, Stephan"]
[Result "1/2-1/2"]
[WhiteElo "2221"]
[BlackElo "1954"]
[PlyCount "68"]
[EventDate "2014.10.18"]
[EventType "swiss"]
[EventRounds "9"]
[EventCountry "CZE"]
[SourceTitle "EXT 2015"]
[Source "ChessBase"]
[SourceDate "2014.11.20"]
[SourceVersion "1"]
[SourceVersionDate "2014.11.20"]
[SourceQuality "1"]

1. d4 Nf6 2. Nf3 d5 3. c4 c6 4. e3 a6 5. Bd3 dxc4 6. Bxc4 b5 7. Bd3 Bb7 8. 0-0 e6 9. Nbd2 c5 10. a4 Qb6 11. axb5 axb5 12. Rxa8 Bxa8 13. Qb3 b4 14. Nc4 Qa7 15. Nce5 Bd6 16. dxc5 Bxc5 17. Bb5+ Kf8 18. Bd2 Bd5 19. Bc4 Bxf3 20. Nxf3 Qb6 21. Ra1 Ke7 22. Ne5 Rd8 23. Nd3 Ne4 24. Bxb4 Bxb4 25. Qxb4+ Qxb4 26. Nxb4 Rd2 27. f3 Rxb2 28. Nd3 Rc2 29. Ra7+ Kf6 30. fxe4 Rxc4 31. e5+ Kf5 32. Rxf7+ Ke4 33. Ne1 Kxe3 34. Rf3+ Ke4 1/2-1/2

[Event "Arber op 3rd"]
[Site "Bayerisch Eisenstein"]
[Date "2014.08.19"]
[Round "4"]
[White "Voelz, Stephan"]
[Black "Ptacnik, Stanislav"]
[Result "1/2-1/2"]
[WhiteElo "1946"]
[BlackElo "2091"]
[PlyCount "38"]
[EventDate "2014.08.16"]
[EventType "swiss"]
[EventRounds "9"]
[EventCountry "GER"]
[SourceTitle "CBM 161 Extra"]
[Source "ChessBase"]
[SourceDate "2014.08.29"]
[SourceVersion "1"]
[SourceVersionDate "2014.08.29"]
[SourceQuality "1"]

1. d4 Nf6 2. Nf3 c5 3. c3 b6 4. Bf4 Bb7 5. e3 Nh5 6. Bg5 h6 7. Bh4 g5 8. Ne5 Nf6 9. Bg3 Nc6 10. Bc4 e6 11. Nd2 d6 12. Nxc6 Bxc6 13. f3 Bg7 14. Qe2 Qd7 15. a4 Kf8 16. Bb5 Nh5 17. Bf2 a5 18. Bxc6 Qxc6 19. 0-0 f5 1/2-1/2

[Event "Erfurt op HT 23rd"]
[Site "Erfurt"]
[Date "2013.12.28"]
[Round "4"]
[White "Voelz, Stephan"]
[Black "Voelz, Michael"]
[Result "1/2-1/2"]
[WhiteElo "1935"]
[BlackElo "1853"]
[PlyCount "21"]
[EventDate "2013.12.26"]
[EventType "swiss"]
[EventRounds "8"]
[EventCountry "GER"]
[SourceTitle "EXT 2016"]
[Source "ChessBase"]
[SourceDate "2015.10.08"]
[SourceVersion "1"]
[SourceVersionDate "2015.10.08"]
[SourceQuality "1"]

1. d4 d5 2. Nf3 Nf6 3. Bf4 e6 4. e3 Nbd7 5. Be2 Be7 6. h3 0-0 7. 0-0 c6 8. c3 Ne8 9. Nbd2 Bd6 10. Bxd6 Nxd6 11. Rc1 1/2-1/2

[Event "Erfurt op HT 23rd"]
[Site "Erfurt"]
[Date "2013.12.27"]
[Round "3"]
[White "Haag, Wadim"]
[Black "Voelz, Stephan"]
[Result "1/2-1/2"]
[WhiteElo "1816"]
[BlackElo "1935"]
[PlyCount "44"]
[EventDate "2013.12.26"]
[EventType "swiss"]
[EventRounds "8"]
[EventCountry "GER"]
[SourceTitle "EXT 2016"]
[Source "ChessBase"]
[SourceDate "2015.10.08"]
[SourceVersion "1"]
[SourceVersionDate "2015.10.08"]
[SourceQuality "1"]

1. d4 Nf6 2. c4 e5 3. dxe5 Ng4 4. e4 Bb4+ 5. Bd2 Bxd2+ 6. Nxd2 Nxe5 7. Ngf3 d6 8. Be2 0-0 9. 0-0 Nbc6 10. Nxe5 dxe5 11. Nb3 Qe7 12. Qc2 Be6 13. Rfd1 Rfd8 14. a3 f6 15. Qc3 Rxd1+ 16. Rxd1 a5 17. Qe3 b6 18. a4 Qf7 19. Nd2 Nd4 20. b3 c5 21. Nb1 Rd8 22. Nc3 Rd6 1/2-1/2

[Event "Erfurt op HT 23rd"]
[Site "Erfurt"]
[Date "2013.12.26"]
[Round "1"]
[White "Rudolph, Juergen"]
[Black "Voelz, Stephan"]
[Result "0-1"]
[WhiteElo "1797"]
[BlackElo "1935"]
[PlyCount "84"]
[EventDate "2013.12.26"]
[EventType "swiss"]
[EventRounds "8"]
[EventCountry "GER"]
[SourceTitle "EXT 2016"]
[Source "ChessBase"]
[SourceDate "2015.10.08"]
[SourceVersion "1"]
[SourceVersionDate "2015.10.08"]
[SourceQuality "1"]

1. b3 e5 2. e3 Nf6 3. Bb2 d6 4. Nf3 Nc6 5. Be2 Be7 6. c4 0-0 7. 0-0 Bf5 8. d4 exd4 9. Nxd4 Nxd4 10. Bxd4 c6 11. Nd2 Qc7 12. Nf3 Rad8 13. Bd3 Bg6 14. Nh4 d5 15. Nxg6 hxg6 16. Qe2 Rfe8 17. c5 Ne4 18. Qc2 Bf6 19. Bxe4 Rxe4 20. f3 Rxd4 21. exd4 Bxd4+ 22. Kh1 Bxa1 23. Rxa1 Qe5 24. Rd1 Re8 25. h3 Qe2 26. Qb1 Re5 27. b4 Rg5 28. Rg1 Re5 29. a4 a6 30. Qa1 Re3 31. Qd4 Re5 32. Qg4 Re8 33. Qd4 Qe3 34. Qb2 d4 35. b5 d3 36. Rd1 Qe2 37. Rd2 Qe1+ 38. Kh2 axb5 39. axb5 Re2 40. Qd4 Qxd2 41. Qd8+ Kh7 42. Qh4+ Qh6 0-1

[Event "Liberec op 14th"]
[Site "Liberec"]
[Date "2013.11.02"]
[Round "9"]
[White "Yakimenko, Alexander A"]
[Black "Voelz, Stephan"]
[Result "1-0"]
[WhiteElo "2212"]
[BlackElo "1929"]
[PlyCount "91"]
[EventDate "2013.10.26"]
[EventType "swiss"]
[EventRounds "9"]
[EventCountry "CZE"]
[SourceTitle "EXT 2014"]
[Source "ChessBase"]
[SourceDate "2013.11.20"]
[SourceVersion "1"]
[SourceVersionDate "2013.11.20"]
[SourceQuality "1"]

1. d4 Nf6 2. c4 e5 3. dxe5 Ng4 4. Bf4 Nc6 5. Nf3 Bb4+ 6. Nbd2 Qe7 7. a3 Ngxe5 8. Nxe5 Nxe5 9. e3 Bxd2+ 10. Qxd2 d6 11. Be2 0-0 12. 0-0 Bf5 13. Rfe1 Rfe8 14. Bf1 Rad8 15. e4 Be6 16. Rac1 f6 17. b4 Qf7 18. Qc3 c6 19. c5 dxc5 20. bxc5 Qg6 21. f3 Bc8 22. Red1 Rxd1 23. Rxd1 Kh8 24. Rd6 Nf7 25. Rd1 Ne5 26. Kh1 h5 27. Qa5 Qf7 28. Rd8 a6 29. Rxe8+ Qxe8 30. Qc7 g5 31. Bxe5 fxe5 32. Bc4 h4 33. h3 Bd7 34. Qxb7 a5 35. Qc7 a4 36. Qd6 Kg7 37. Kg1 Bc8 38. Kf2 Bd7 39. Ke2 Bc8 40. Kd2 Bd7 41. Kc3 Bc8 42. Kb4 Bd7 43. Kxa4 Qa8+ 44. Kb4 Qb7+ 45. Kc3 Qa7 46. a4 1-0

[Event "Liberec op 14th"]
[Site "Liberec"]
[Date "2013.10.27"]
[Round "2"]
[White "Voelz, Stephan"]
[Black "Nguyen, Thai Dai Van"]
[Result "0-1"]
[WhiteElo "1929"]
[BlackElo "2164"]
[PlyCount "82"]
[EventDate "2013.10.26"]
[EventType "swiss"]
[EventRounds "9"]
[EventCountry "CZE"]
[SourceTitle "EXT 2014"]
[Source "ChessBase"]
[SourceDate "2013.11.20"]
[SourceVersion "1"]
[SourceVersionDate "2013.11.20"]
[SourceQuality "1"]

1. d4 Nf6 2. Nf3 g6 3. Bf4 Bg7 4. e3 0-0 5. Be2 c5 6. c3 d6 7. h3 b6 8. 0-0 Bb7 9. Nbd2 Nbd7 10. a4 a6 11. Bh2 Qc7 12. Re1 Rac8 13. Bd3 Rfe8 14. Qe2 a5 15. Bb5 Bc6 16. Ba6 Rcd8 17. e4 e5 18. d5 Bb7 19. Bb5 h6 20. Nc4 Rf8 21. Nh4 Nh7 22. Rad1 Ng5 23. Bg3 Nf6 24. f3 Nh5 25. Bf2 Nf4 26. Qd2 Bf6 27. Re3 Bc8 28. Kh2 Kg7 29. Qe1 Be7 30. Nd2 f6 31. Bf1 Rf7 32. g4 Bd7 33. b3 Rdf8 34. Bg3 Qc8 35. c4 h5 36. Rc3 Rh8 37. Bxf4 exf4 38. Ng2 Nxh3 39. Nh4 Ng5 40. gxh5 Rxh5 41. Kg1 Qh8 0-1

[Event "Arber op 2nd"]
[Site "Bayerisch Eisenstein"]
[Date "2013.06.30"]
[Round "2"]
[White "Voelz, Stephan"]
[Black "Sigurdsson, Jakob Saevar"]
[Result "1/2-1/2"]
[WhiteElo "1947"]
[BlackElo "1768"]
[PlyCount "65"]
[EventDate "2013.06.29"]
[EventType "swiss"]
[EventRounds "9"]
[EventCountry "GER"]
[SourceTitle "CBM 155 Extra"]
[Source "ChessBase"]
[SourceDate "2013.08.26"]
[SourceVersion "1"]
[SourceVersionDate "2013.08.26"]
[SourceQuality "1"]

1. d4 d5 2. Nf3 Nf6 3. Bf4 c5 4. e3 Nc6 5. c3 Qb6 6. Qb3 c4 7. Qxb6 axb6 8. Nbd2 b5 9. Be2 b4 10. 0-0 bxc3 11. bxc3 Ra3 12. Rfc1 e6 13. Ne1 b5 14. Nc2 Ra6 15. Rcb1 Na7 16. a3 Bd7 17. Nb4 Rb6 18. Bd1 Be7 19. a4 bxa4 20. Bxa4 Nc8 21. Bxd7+ Kxd7 22. Na6 Kc6 23. Nb8+ Kb7 24. Be5 Rd8 25. Na6 Kc6 26. f3 h5 27. Kf2 g6 28. Nc5 Bxc5 29. Bxf6 Be7 30. Bxe7 Nxe7 31. Ra7 Rxb1 32. Nxb1 Rd7 33. Rxd7 1/2-1/2

[Event "Novy Bor op-A"]
[Site "Novy Bor"]
[Date "2013.02.13"]
[Round "6"]
[White "Vavrinec, Tomas"]
[Black "Voelz, Stephan"]
[Result "1-0"]
[WhiteElo "2018"]
[BlackElo "1943"]
[PlyCount "55"]
[EventDate "2013.02.09"]
[EventType "swiss"]
[EventRounds "9"]
[EventCountry "CZE"]
[SourceTitle "CBM 152 Extra"]
[Source "ChessBase"]
[SourceDate "2013.02.25"]
[SourceVersion "1"]
[SourceVersionDate "2013.02.25"]
[SourceQuality "1"]

1. c4 Nf6 2. Nc3 e6 3. d4 Bb4 4. Qb3 c5 5. Nf3 Ne4 6. Nd2 Nxd2 7. Bxd2 Nc6 8. dxc5 Bxc5 9. Ne4 Be7 10. Qg3 0-0 11. Bc3 f6 12. a3 d5 13. cxd5 exd5 14. 0-0-0 Bf5 15. f3 Rc8 16. e3 Ne5 17. Qf4 Bxe4 18. fxe4 Rxc3+ 19. bxc3 Qa5 20. Rxd5 Qxc3+ 21. Kd1 Rc8 22. Ke2 Qc1 23. Kf2 Rc2+ 24. Kg3 Qe1+ 25. Kh3 Rc3 26. g3 Rxe3 27. Bc4 Qxh1 28. Rd8# 1-0

[Event "Novy Bor op-A"]
[Site "Novy Bor"]
[Date "2013.02.13"]
[Round "5"]
[White "Voelz, Stephan"]
[Black "Koziol, Kamil"]
[Result "1-0"]
[WhiteElo "1943"]
[BlackElo "2000"]
[PlyCount "129"]
[EventDate "2013.02.09"]
[EventType "swiss"]
[EventRounds "9"]
[EventCountry "CZE"]
[SourceTitle "CBM 152 Extra"]
[Source "ChessBase"]
[SourceDate "2013.02.25"]
[SourceVersion "1"]
[SourceVersionDate "2013.02.25"]
[SourceQuality "1"]

1. d4 d5 2. Nf3 Nc6 3. Bf4 Bg4 4. Nbd2 e6 5. c3 Bd6 6. Bg3 h5 7. Qa4 Nge7 8. e4 Bxf3 9. gxf3 h4 10. Bxd6 Qxd6 11. e5 Qd7 12. Qc2 Ng6 13. Rg1 Nce7 14. Rg4 Nf5 15. Bd3 Rh5 16. Nf1 0-0-0 17. Ne3 Rg8 18. 0-0-0 Kd8 19. Rdg1 Nge7 20. Nxf5 Nxf5 21. Bxf5 Rxf5 22. Rxg7 Rxg7 23. Rxg7 c5 24. Qd2 Qb5 25. Rg4 Rh5 26. f4 Ke7 27. dxc5 Qxc5 28. Qd4 Qa5 29. Qb4+ Qxb4 30. cxb4 Rh7 31. Kd2 f5 32. Rg8 Kd7 33. Ke3 Kc6 34. a4 Kb6 35. Rg6 Re7 36. Kd4 a5 37. b5 Re8 38. Rh6 Re7 39. Rxh4 Rc7 40. b3 Rc2 41. Rh6 Rxf2 42. Rxe6+ Kc7 43. b6+ Kd7 44. Rd6+ Ke7 45. Rxd5 Rxf4+ 46. Ke3 Rh4 47. Rxa5 Rxh2 48. Rb5 Rh3+ 49. Kf4 Ke6 50. a5 Rh4+ 51. Kg3 Rg4+ 52. Kf3 Kd7 53. a6 Kc6 54. a7 Rg8 55. Rb4 Kc5 56. Ra4 Ra8 57. Kf4 Kxb6 58. Kxf5 Kc7 59. e6 b5 60. Ra5 Kb6 61. Ra1 Kb7 62. Kf6 Rf8+ 63. Ke7 Ra8 64. Kf7 b4 65. e7 1-0

[Event "Novy Bor op-A"]
[Site "Novy Bor"]
[Date "2013.02.11"]
[Round "3"]
[White "Voelz, Stephan"]
[Black "Bartos, Jan"]
[Result "0-1"]
[WhiteElo "1943"]
[BlackElo "2154"]
[PlyCount "142"]
[EventDate "2013.02.09"]
[EventType "swiss"]
[EventRounds "9"]
[EventCountry "CZE"]
[SourceTitle "CBM 152 Extra"]
[Source "ChessBase"]
[SourceDate "2013.02.25"]
[SourceVersion "1"]
[SourceVersionDate "2013.02.25"]
[SourceQuality "1"]

1. d4 Nf6 2. Nf3 g6 3. Bf4 Bg7 4. e3 0-0 5. Be2 d6 6. h3 c5 7. c3 b6 8. Nbd2 Bb7 9. 0-0 Nbd7 10. Bh2 cxd4 11. cxd4 Rc8 12. Rc1 Rxc1 13. Qxc1 Qa8 14. Bd3 Rc8 15. Qb1 Nd5 16. a3 Bh6 17. Re1 Rc7 18. Qd1 Qc8 19. Qe2 Nb8 20. g4 f6 21. Nh4 Ba6 22. Ng2 Rc2 23. Bxa6 Qxa6 24. Qf3 Qb7 25. Nb1 Qc6 26. b4 Nxb4 27. Qd1 N4a6 28. Bf4 Bg7 29. e4 Nd7 30. Ne3 Rb2 31. Nd5 Qc2 32. Qxc2 Rxc2 33. Nxe7+ Kf7 34. Nd5 Ke6 35. Ne3 Rc8 36. Nd1 b5 37. Ndc3 Nc7 38. Ne2 Nb6 39. d5+ Kd7 40. Rd1 f5 41. f3 fxe4 42. fxe4 Re8 43. Ng3 Be5 44. Bxe5 Rxe5 45. Rf1 Nc4 46. Rf7+ Re7 47. Rf8 a5 48. Kf2 a4 49. Rb8 Re8 50. Rxe8 Kxe8 51. Ne2 h6 52. Nd4 Ke7 53. Nc6+ Kf6 54. h4 Ne5 55. Nxe5 Kxe5 56. Ke3 g5 57. hxg5 hxg5 58. Nc3 b4 59. axb4 a3 60. Na2 Nb5 61. Kd3 Kf4 62. Kc4 Nc7 63. b5 Kxe4 64. Nc3+ Kf4 65. b6 Na6 66. Kb3 Kxg4 67. Ne4 Kf4 68. Nxd6 g4 69. b7 g3 70. Nb5 g2 71. Nc3 Kf3 0-1

[Event "Siebenlehn op 13th"]
[Site "Siebenlehn"]
[Date "2012.12.29"]
[Round "5"]
[White "Voelkel, Gerd"]
[Black "Voelz, Stephan"]
[Result "1-0"]
[WhiteElo "2019"]
[BlackElo "1946"]
[PlyCount "83"]
[EventDate "2012.12.27"]
[EventType "swiss"]
[EventRounds "7"]
[EventCountry "GER"]
[SourceTitle "EXT 2014"]
[Source "ChessBase"]
[SourceDate "2013.11.20"]
[SourceVersion "1"]
[SourceVersionDate "2013.11.20"]
[SourceQuality "1"]

1. Nc3 c5 2. e4 Nc6 3. g3 g6 4. Bg2 Bg7 5. Nge2 d6 6. 0-0 Nf6 7. d3 0-0 8. h3 Rb8 9. f4 Bd7 10. g4 b5 11. Ng3 b4 12. Nce2 a5 13. Rb1 a4 14. b3 axb3 15. axb3 Ra8 16. Bb2 Qb6 17. Kh2 Ra2 18. Qc1 Rfa8 19. g5 Ne8 20. Bxg7 Nxg7 21. Bf3 f5 22. Qd1 R8a7 23. Re1 Qc7 24. h4 e5 25. Bg2 exf4 26. Nxf4 Nd4 27. Nd5 Qb8 28. Rc1 Be6 29. Nf6+ Kf7 30. Kg1 Nxc2 31. exf5 Bxb3 32. fxg6+ hxg6 33. Rf1 Ke7 34. Nd5+ Bxd5 35. Bxd5 Nd4 36. Rf7+ Kd8 37. Rf8+ Ne8 38. Bxa2 Rxa2 39. Qe1 Kc7 40. Qe4 Qa8 41. Rf7+ Kd8 42. Qe7+ 1-0

[Event "Liberec op 13th"]
[Site "Liberec"]
[Date "2012.10.26"]
[Round "8"]
[White "Paldus, Petr"]
[Black "Voelz, Stephan"]
[Result "0-1"]
[WhiteElo "2002"]
[BlackElo "1932"]
[PlyCount "64"]
[EventDate "2012.10.20"]
[EventType "swiss"]
[EventRounds "9"]
[EventCountry "CZE"]
[SourceTitle "EXT 2013"]
[Source "ChessBase"]
[SourceDate "2012.11.22"]
[SourceVersion "1"]
[SourceVersionDate "2012.11.22"]
[SourceQuality "1"]

1. e4 c5 2. Nf3 Nc6 3. g3 e6 4. Bg2 d5 5. exd5 exd5 6. 0-0 Nf6 7. d4 Be7 8. dxc5 Bxc5 9. Re1+ Be6 10. Ng5 0-0 11. Rxe6 Bxf2+ 12. Kxf2 fxe6 13. Kg1 Qb6+ 14. Kh1 Ne5 15. Qg1 d4 16. Bf4 Ng6 17. Nd2 e5 18. Nc4 Qb5 19. Nd6 Qd7 20. Nxb7 exf4 21. Nc5 Qf5 22. Bxa8 Qxc5 23. Ne6 Qc8 24. Nxf8 Qxa8+ 25. Qg2 f3 26. Qh3 Kxf8 27. Rf1 Ng4 28. Qg2 N6e5 29. h3 Ne3 30. Qf2 Nxf1 31. Qxf1 f2+ 32. Kh2 Nf3+ 0-1

[Event "Liberec op 13th"]
[Site "Liberec"]
[Date "2012.10.25"]
[Round "7"]
[White "Voelz, Stephan"]
[Black "Ulanowski, Karol"]
[Result "0-1"]
[WhiteElo "1932"]
[BlackElo "2054"]
[PlyCount "88"]
[EventDate "2012.10.20"]
[EventType "swiss"]
[EventRounds "9"]
[EventCountry "CZE"]
[SourceTitle "EXT 2013"]
[Source "ChessBase"]
[SourceDate "2012.11.22"]
[SourceVersion "1"]
[SourceVersionDate "2012.11.22"]
[SourceQuality "1"]

1. d4 Nf6 2. Nf3 g6 3. Bf4 Bg7 4. e3 0-0 5. Be2 c5 6. c3 d6 7. 0-0 b6 8. Nbd2 Bb7 9. h3 Nbd7 10. a4 a6 11. Bh2 Re8 12. Re1 Qc7 13. Qb3 Qc6 14. Bf1 Rac8 15. e4 cxd4 16. Nxd4 Qc7 17. Qa2 e5 18. Nc2 Bh6 19. Ne3 Nc5 20. f3 Bc6 21. b3 d5 22. Nxd5 Nxd5 23. exd5 Bxd5 24. c4 Bb7 25. Rad1 a5 26. Nb1 Bg7 27. Nc3 Qe7 28. Nd5 Bxd5 29. cxd5 Red8 30. Bc4 Nb7 31. Ba6 Rc5 32. Bxb7 Qxb7 33. d6 Rd5 34. f4 R8xd6 35. Rxd5 Qxd5 36. fxe5 Re6 37. Qc2 Bxe5 38. Bxe5 Rxe5 39. Qc8+ Kg7 40. Qc3 Qc5+ 41. Qxc5 Rxe1+ 42. Kf2 bxc5 43. Kxe1 Kf6 44. Ke2 Ke5 0-1

[Event "Arber op 1st"]
[Site "Bayerisch Eisenstein"]
[Date "2012.08.25"]
[Round "8"]
[White "Voelz, Stephan"]
[Black "Stang, Wolfgang"]
[Result "1/2-1/2"]
[WhiteElo "1913"]
[BlackElo "1862"]
[PlyCount "53"]
[EventDate "2012.08.18"]
[EventType "swiss"]
[EventRounds "9"]
[EventCountry "GER"]
[SourceTitle "CBM 150 Extra"]
[Source "ChessBase"]
[SourceDate "2012.10.19"]
[SourceVersion "1"]
[SourceVersionDate "2012.10.19"]
[SourceQuality "1"]

1. d4 Nf6 2. Nf3 g6 3. Bf4 Bg7 4. e3 d5 5. Bd3 c5 6. c3 cxd4 7. exd4 0-0 8. 0-0 Nc6 9. Nbd2 b6 10. Ne5 Nxe5 11. Bxe5 Bb7 12. Qc2 Rc8 13. Rae1 Qd7 14. h3 b5 15. Nb3 a6 16. Nc5 Qc6 17. Qc1 Rfe8 18. b4 Nd7 19. Bxg7 Nxc5 20. bxc5 Kxg7 21. f4 f6 22. f5 e5 23. fxe6 Rxe6 24. Rxe6 Qxe6 25. Re1 Qd7 26. Qe3 Kf7 27. a3 1/2-1/2

[Event "Novy Bor op 3rd"]
[Site "Novy Bor"]
[Date "2012.02.15"]
[Round "6"]
[White "Pultorak, Jan"]
[Black "Voelz, Stephan"]
[Result "1-0"]
[WhiteElo "1622"]
[BlackElo "1950"]
[PlyCount "65"]
[EventDate "2012.02.11"]
[EventType "swiss"]
[EventRounds "9"]
[EventCountry "CZE"]
[SourceTitle "CBM 147 Extra"]
[Source "ChessBase"]
[SourceDate "2012.04.24"]
[SourceVersion "1"]
[SourceVersionDate "2012.04.24"]
[SourceQuality "1"]

1. e4 c5 2. Nc3 Nc6 3. g3 g6 4. Bg2 Bg7 5. d3 d6 6. Be3 Nf6 7. h3 0-0 8. f4 Bd7 9. Nf3 Rb8 10. 0-0 b5 11. g4 b4 12. Ne2 Ne8 13. c3 bxc3 14. bxc3 Qa5 15. Qc2 Nc7 16. f5 Qa3 17. Rab1 Rxb1 18. Rxb1 Qa6 19. d4 Nb5 20. Qd3 Nc7 21. Qxa6 Nxa6 22. Nf4 e6 23. Bf1 Nab8 24. Bd3 Nxd4 25. cxd4 gxf5 26. gxf5 a5 27. Nh5 exf5 28. exf5 f6 29. Kh2 Be8 30. Bc4+ Bf7 31. Bxf7+ Kxf7 32. Rb7+ Nd7 33. Nxg7 1-0

[Event "Novy Bor op 3rd"]
[Site "Novy Bor"]
[Date "2012.02.14"]
[Round "4"]
[White "Korolchuk, Nikolav"]
[Black "Voelz, Stephan"]
[Result "1-0"]
[WhiteElo "2235"]
[BlackElo "1950"]
[PlyCount "77"]
[EventDate "2012.02.11"]
[EventType "swiss"]
[EventRounds "9"]
[EventCountry "CZE"]
[SourceTitle "CBM 147 Extra"]
[Source "ChessBase"]
[SourceDate "2012.04.24"]
[SourceVersion "1"]
[SourceVersionDate "2012.04.24"]
[SourceQuality "1"]

1. e4 c5 2. Nf3 Nc6 3. Bb5 g6 4. Bxc6 dxc6 5. h3 Bg7 6. d3 e5 7. Be3 b6 8. Nbd2 Ne7 9. a4 a5 10. Nc4 Qc7 11. Nfd2 h6 12. b4 b5 13. axb5 cxb5 14. Nxa5 cxb4 15. Ndb3 Nc6 16. Nxc6 Qxc6 17. Rxa8 Qxa8 18. Qd2 0-0 19. 0-0 Be6 20. Ra1 Qc6 21. Nc5 Bc8 22. Qxb4 f5 23. f3 fxe4 24. Qxe4 Qf6 25. Ra7 Bf5 26. Qd5+ Kh8 27. Qb7 g5 28. Qxb5 Bxh3 29. Ne4 Qg6 30. gxh3 Rxf3 31. Ra8+ Kh7 32. Qd5 Qf5 33. Qg8+ Kg6 34. Ra6+ Kh5 35. Qe8+ Kh4 36. Bf2+ Rxf2 37. Nxf2 e4 38. Qxe4+ Qxe4 39. dxe4 1-0

[Event "Novy Bor op"]
[Site "Novy Bor"]
[Date "2011.02.19"]
[Round "9"]
[White "Prudek, Jiri"]
[Black "Voelz, Stephan"]
[Result "0-1"]
[WhiteElo "2097"]
[BlackElo "1950"]
[PlyCount "40"]
[EventDate "2011.02.12"]
[EventType "swiss"]
[EventRounds "9"]
[EventCountry "CZE"]
[SourceTitle "CBM 140 Extra"]
[Source "ChessBase"]
[SourceDate "2011.03.01"]
[SourceVersion "1"]
[SourceVersionDate "2011.03.01"]
[SourceQuality "1"]

1. e4 c5 2. Nf3 Nc6 3. d4 cxd4 4. Nxd4 Nf6 5. Nc3 e5 6. Ndb5 d6 7. Bg5 a6 8. Na3 b5 9. Bxf6 gxf6 10. Nd5 Bg7 11. c3 f5 12. exf5 Bxf5 13. Nc2 0-0 14. g3 Be4 15. f3 Bxd5 16. Qxd5 Ne7 17. Qb7 d5 18. 0-0-0 Qd6 19. Nb4 Rfb8 20. Rxd5 Qh6+ 0-1

[Event "Novy Bor op"]
[Site "Novy Bor"]
[Date "2011.02.14"]
[Round "3"]
[White "Vrana, Jan"]
[Black "Voelz, Stephan"]
[Result "1-0"]
[WhiteElo "2348"]
[BlackElo "1950"]
[PlyCount "119"]
[EventDate "2011.02.12"]
[EventType "swiss"]
[EventRounds "9"]
[EventCountry "CZE"]
[SourceTitle "CBM 140 Extra"]
[Source "ChessBase"]
[SourceDate "2011.03.01"]
[SourceVersion "1"]
[SourceVersionDate "2011.03.01"]
[SourceQuality "1"]

1. e4 c5 2. c3 Nf6 3. e5 Nd5 4. d4 cxd4 5. Nf3 Nc6 6. cxd4 d6 7. Bc4 Nb6 8. Bb5 dxe5 9. Nxe5 Bd7 10. Nxd7 Qxd7 11. Nc3 e6 12. 0-0 Be7 13. Qg4 0-0 14. Bxc6 bxc6 15. Bh6 Bf6 16. Rfd1 e5 17. Qxd7 Nxd7 18. dxe5 Nxe5 19. Ne4 Be7 20. Bf4 Ng6 21. Bd6 Rfd8 22. Bc7 Rd5 23. Nc3 Rxd1+ 24. Rxd1 Kf8 25. Kf1 Rc8 26. Ba5 Ne5 27. Na4 Nc4 28. Be1 Nb6 29. Nc3 Bf6 30. Rc1 c5 31. Rc2 Bxc3 32. Bxc3 Nd5 33. Bd4 c4 34. a3 a6 35. g3 g6 36. b3 c3 37. Ke2 a5 38. Kd3 Ke7 39. Bxc3 Nxc3 40. Rxc3 Rd8+ 41. Kc2 Rd5 42. b4 axb4 43. axb4 Rb5 44. Kb3 Kd7 45. Rc5 Rb6 46. b5 Re6 47. Rc2 Re1 48. Kb4 Rb1+ 49. Ka5 h5 50. b6 Ra1+ 51. Kb5 Rb1+ 52. Ka6 Ra1+ 53. Kb7 f5 54. Rd2+ Ke7 55. f4 Rb1 56. Kc7 Rc1+ 57. Kb8 Rb1 58. b7 Rb4 59. Ra2 Kd7 60. Ka7 1-0

[Event "Siebenlehn op 11th"]
[Site "Siebenlehn"]
[Date "2010.12.28"]
[Round "4"]
[White "Kliebe, Harry"]
[Black "Voelz, Stephan"]
[Result "1/2-1/2"]
[WhiteElo "2115"]
[BlackElo "1950"]
[PlyCount "35"]
[EventDate "2010.12.27"]
[EventType "swiss"]
[EventRounds "7"]
[EventCountry "GER"]
[SourceTitle "EXT 2012"]
[Source "ChessBase"]
[SourceDate "2011.11.24"]
[SourceVersion "1"]
[SourceVersionDate "2011.11.24"]
[SourceQuality "1"]

1. e4 c5 2. Nf3 Nc6 3. d4 cxd4 4. Nxd4 Nf6 5. Nc3 e5 6. Nxc6 bxc6 7. Bd3 Be7 8. 0-0 0-0 9. Bg5 Bb7 10. Ne2 d5 11. Bxf6 Bxf6 12. Ng3 g6 13. c3 Qc7 14. Qc2 Bg7 15. c4 d4 16. Ne2 c5 17. b3 Rae8 18. Kh1 1/2-1/2

[Event "Hradec Kralove op"]
[Site "Hradec Kralove"]
[Date "2010.05.17"]
[Round "3"]
[White "Portych, Vaclav"]
[Black "Voelz, Stephan"]
[Result "1/2-1/2"]
[WhiteElo "1801"]
[BlackElo "1996"]
[PlyCount "39"]
[EventDate "2010.05.15"]
[EventType "swiss"]
[EventRounds "9"]
[EventCountry "CZE"]
[SourceTitle "CBM 136 Extra"]
[Source "ChessBase"]
[SourceDate "2010.07.02"]
[SourceVersion "2"]
[SourceVersionDate "2010.07.15"]
[SourceQuality "1"]

1. c4 Nf6 2. Nc3 c5 3. Nf3 g6 4. g3 Bg7 5. Bg2 Nc6 6. d4 cxd4 7. Nxd4 Nxd4 8. Qxd4 0-0 9. 0-0 d6 10. Bg5 h6 11. Bxf6 Bxf6 12. Qd2 Qa5 13. Rfd1 Bxc3 14. bxc3 Kh7 15. Rab1 Rb8 16. h4 Be6 17. Bd5 Bxd5 18. cxd5 Rfc8 19. Rdc1 Rc4 20. Qe3 1/2-1/2